000 01055cam a2200241 4500
001 J120802
008 000000n2002 000 0 eng u
035 _a(Sirsi) u120802
041 _aeng
050 _a690.24
_c18
110 _aBuilding Maintenance Information
_93229
245 _aInformation guide for facilities management : a guide to information sources for building maintenance and facilities management 2002
260 _aLondon
_bBMI
_c2002
300 _a95p.
_c21cm.
520 _a2002 edition of this comprehensive guide to sources of information on facilities management produced by BMI for the RICS Facilities Management Faculty, which includes a useful list of acronyms and abbreviations as well as an index by subject.
650 _aASSOCIATIONS
650 _aBUILT ENVIRONMENT-BUILDING MAINTENANCE AND REFURBISHMENT
650 _aDIRECTORIES
650 _aORGANISATIONS
690 _aMANAGEMENT-FACILITIES MANAGEMENT
710 _aRoyal Institution of Chartered Surveyors
_bFacilities Management Faculty
_94295
942 _n0
999 _c102568
_d102568